| 000 | 01729cam a22004214a 4500 | ||
|---|---|---|---|
| 001 | 12505701 | ||
| 003 | PILC | ||
| 005 | 20150112093438.0 | ||
| 008 | 010817s2002 enka b 001 0 eng | ||
| 010 | _a 2001045865 | ||
| 020 | _a0333598776 (cloth) | ||
| 020 | _a0333598784 (pbk.) | ||
| 040 |
_aDLC _cDLC _dDLC |
||
| 042 | _apcc | ||
| 043 |
_au-at--- _ae-uk--- _aa-ja--- |
||
| 050 | 0 | 0 |
_aHF499 _b.B65 2002 |
| 082 | 0 | 0 |
_aMnSF 658.023 _bB65 2002 |
| 100 | 1 |
_aBoyce, Gordon, _d1954- _916935 |
|
| 245 | 1 | 4 |
_aThe development of modern business / _cGordon Boyce and Simon Ville. |
| 260 |
_aHoundmills, Basingstoke, Hampshire ; _aNew York : _bPalgrave, _c2002. |
||
| 300 |
_a376 pages : _billustration ; _c24 cm. |
||
| 504 | _aIncludes bibliographical references (p. 349-367) and index. | ||
| 650 | 0 |
_aBusiness _xHistory. _916936 |
|
| 650 | 0 |
_aCorporations _xGrowth _xHistory. _916937 |
|
| 650 | 0 |
_aIndustrial organization _xHistory. _916938 |
|
| 650 | 0 |
_aBig business _xHistory. _916939 |
|
| 650 | 0 |
_aIndustries _zGreat Britain _xHistory. _916940 |
|
| 650 | 0 |
_aIndustries _zUnited States _xHistory. _916941 |
|
| 650 | 0 |
_aIndustries _zJapan _xHistory. _916942 |
|
| 650 | 0 |
_aIndustries _zAustralia _xHistory. _916943 |
|
| 700 | 1 |
_aVille, Simon P. _916944 |
|
| 856 | 4 | 2 |
_3Contributor biographical information _uhttp://www.loc.gov/catdir/bios/hol051/2001045865.html |
| 856 | 4 | 2 |
_3Publisher description _uhttp://www.loc.gov/catdir/description/hol031/2001045865.html |
| 856 | 4 | 1 |
_3Table of contents _uhttp://www.loc.gov/catdir/toc/fy034/2001045865.html |
| 906 |
_a7 _bcbc _corignew _d1 _eocip _f20 _gy-gencatlg |
||
| 942 |
_2lcc _cBK |
||
| 999 |
_c14636 _d14636 |
||